00379nam a2200109Ia 4500008004100000082000800041100001800049245008400067942000600151952009700157999001500254240331s9999 xx 000 0 und d bBAX aBaxamusa, R.M 0aAssistance for women's development from national agencies :bHousing Programmes cL 001040708LaWERCLbWERCLcSSCd2024-03-31l0o 362.5 BAXp1660r2024-03-31w2024-03-31yL c2903d2903